| 000 | 00000nam##2200000za#4500 |
| 001 | 9.574805 |
| 003 | CaOODSP |
| 005 | 20210624184348 |
| 007 | cr ||||||||||| |
| 008 | 150406|2008||||xxc|||||o f|0| 0 eng|d |
| 040 | |aCaOODSP|beng |
| 043 | |an-cn--- |
| 086 | 1 |aT41-1/66E-PDF |
| 110 | 1 |aCanada. |bTransport Canada. |
| 245 | 10|aTransportation demand management at Canada's post-secondary institutions |h[electronic resource] |
| 260 | |aOttawa - Ontario : |bTransport Canada |cJune 2008. |
| 300 | |a10p.|breferences, table, photographs |
| 490 | 1 |aCase studies in sustainable transportation |vCase study 66 |
| 500 | |aAt head of title: Urban Transportation Showcase Program. |
| 590 | |a12-36-Supp|b2012-08-22 |
| 775 | 08|tLa gestion de la demande en transport dans les établissements postsecondaires du Canada |w(CaOODSP)9.604535 |
| 830 | #0|aCase studies in sustainable transportation ;|vCase study 66|w(CaOODSP)9.506851 |
| 856 | 40|ahttp://publications.gc.ca|qPDF|s429 KB|uhttps://publications.gc.ca/collections/collection_2012/tc/T41-1-66-eng.pdf|yCase study 66 |
| 986 | |aTP: 14714E |